00756nam a2200169 a 4500008004100000050002100041100002800062245006100090260005900151300002000210350000900230500004700239650005300286995009300339999001700432952013700449120416s1987 ||||||||||||||||| || u aNA 1596.6.L4 Pro aProchazkova-Costa, Dana10aPreservation of historical buildings and sites in Maseru aMaserubDepartment of lands, surveys and physicac1987 a4, 116p. : ill. a0.00 aMaseru development plan working paper NR3A aHISTORIC BUILDINGS--CONSERVATION AND RESTORATION D0.00FCBU-MAIN LIBRARY (Kitwe)H1I6.00M1UDAMAGEDZMain Library Open Access Collection c54398d54398 00102lcc4070a001b001cMain Library Open Access Collectiond2022-11-30l0oNA 1596.6.L4 Prop018414r2022-11-30w2022-11-30y002